|
|
|
|
| LEADER |
01943nam a22003257a 4500 |
| 001 |
13254 |
| 003 |
BD-DhAAL |
| 005 |
20241101170200.0 |
| 008 |
141204s2003 bg ||||| |||| 00| 0 ben d |
| 020 |
|
|
|a 9844100410
|
| 040 |
|
|
|a BD-DhAAL
|c BD-DhAAL
|
| 082 |
|
|
|a 891.441
|2 22
|
| 100 |
|
|
|a নজরুল ইসলাম,
|c কাজী,
|d ১৮৯৯-১৯৭৬.
|9 53229
|
| 245 |
|
|
|a সঞ্চিতা /
|c কাজী নজরুল ইসলাম.
|
| 246 |
|
|
|a Sanchhita (collection of poems)
|
| 260 |
|
|
|a ঢাকা :
|b মওলা ব্রাদার্স,
|c ২০০৩ [সপ্তদশ মুদ্রণ ২০১৮].
|
| 300 |
|
|
|a ১৭৬ পৃষ্ঠা ;
|c ২২ সে.মি.
|
| 526 |
|
|
|a Residential Campus
|
| 541 |
|
|
|a Development Book Agency
|e 13254, 34881, 34882
|
| 600 |
|
|
|a Nazrul Islam,
|c Kazi,
|b 1899-1976.
|9 6497
|
| 650 |
|
|
|a Bengali poetry.
|
| 650 |
|
|
|a Bengali literature.
|
| 852 |
|
|
|a Ayesha Abed Library
|c General Stacks
|
| 942 |
|
|
|2 ddc
|c BK
|
| 999 |
|
|
|c 33205
|d 33205
|
| 952 |
|
|
|0 0
|1 0
|2 ddc
|4 0
|6 891_441000000000000_NAZ
|7 0
|9 44321
|a BRACUL
|b BRACUL
|c GEN
|d 2014-12-04
|g 80.00
|l 3
|m 1
|o 891.441 NAZ
|p 3010013254
|r 2019-10-22
|s 2019-10-15
|t 1
|w 2014-12-04
|y BK
|
| 952 |
|
|
|0 0
|1 0
|2 ddc
|4 0
|6 891_441000000000000_NAZ
|7 0
|9 56377
|a SCL
|b SCL
|c GEN
|d 2015-10-20
|g 80.00
|l 5
|m 2
|o 891.441 NAZ
|p 3020004147
|r 2019-11-23
|s 2019-11-21
|t 3
|w 2015-10-20
|y BK
|
| 952 |
|
|
|0 0
|1 0
|2 ddc
|4 0
|6 891_441000000000000_NAZ
|7 0
|9 56403
|a SCL
|b SCL
|c GEN
|d 2015-10-23
|g 80.00
|l 4
|m 8
|o 891.441 NAZ
|p 3020002893
|r 2019-12-12
|s 2019-11-04
|t 2
|w 2015-10-23
|y BK
|
| 952 |
|
|
|0 0
|1 0
|2 ddc
|4 0
|6 891_441000000000000_NAZ
|7 0
|9 65728
|a SCL
|b SCL
|c GEN
|d 2019-07-17
|e Development Book Agency
|g 123.00
|l 6
|m 12
|o 891.441 NAZ
|p 3020034882
|r 2025-09-07
|s 2025-09-02
|t 5
|v 123.00
|w 2019-07-17
|y BK
|
| 952 |
|
|
|0 0
|1 0
|2 ddc
|4 0
|6 891_441000000000000_NAZ
|7 0
|9 65729
|a SCL
|b SCL
|c GEN
|d 2019-07-17
|e Development Book Agency
|g 123.00
|l 4
|m 3
|o 891.441 NAZ
|p 3020034881
|r 2024-06-05
|s 2024-05-29
|t 4
|v 123.00
|w 2019-07-17
|y BK
|